| 000 | 00778nam a2200229 i 4500 | ||
|---|---|---|---|
| 001 | 101012 | ||
| 003 | ES-MaACL | ||
| 005 | 20240516063037.0 | ||
| 007 | t| | ||
| 008 | 051010q1908 fr ||||1| fre d | ||
| 100 | 1 |
_aMaupassant, Guy de, _d1850-1893 _979214 |
|
| 245 | 1 | 0 |
_aBel-ami / _cde Guy Maupasssant; illustrations de Ferdinand Bac; gravure sur bois par G. Lemoine. |
| 260 |
_aParis : _bSocieté d'Editions Litteraires et Artistiques, _c[1908?] |
||
| 300 |
_a444 p. : _bil. ; _c17 cm. |
||
| 490 | 1 | _aOeuvres complètes illustrées | |
| 700 | 1 |
_aBac, Ferdinand. _924428 |
|
| 700 | 1 |
_aLemoine, G. _971483 |
|
| 830 | 0 |
_aOeuvres complètes illustrées _9184588 |
|
| 852 |
_aES-MaACL _jG-9039 |
||
| 852 |
_aES-MaACL _jB-3237 |
||
| 999 |
_c101012 _d101012 |
||